000 005340000a22001810004500
003 MACL
005 20160214132044.0
008 160214b xxu||||| |||| 00| 0 eng d
040 _aMACL
_cMACL
041 _aHindi
082 _a320
100 _aशर्मा हरिदत्‍त
_938394
245 _aनेहरू और नई पीढा
260 _bएन. डी. सहगल एण्‍ड संज
_aदिल्‍ली
350 _a4
650 _aPolitical Science
_938395
942 _cHIN
_k320
_2ddc
999 _c25234
_d25234